<?xml version="1.0" encoding="UTF-8"?>
<record
    xmlns:xsi="http://www.w3.org/2001/XMLSchema-instance"
    xsi:schemaLocation="http://www.loc.gov/MARC21/slim http://www.loc.gov/standards/marcxml/schema/MARC21slim.xsd"
    xmlns="http://www.loc.gov/MARC21/slim">

  <leader>00699cam a2200217 a 4500</leader>
  <controlfield tag="001">sa 65005188 </controlfield>
  <controlfield tag="003">DLC</controlfield>
  <controlfield tag="005">20260227112136.0</controlfield>
  <controlfield tag="008">860205m19439999ii c          000 0cbeno </controlfield>
  <datafield tag="010" ind1=" " ind2=" ">
    <subfield code="a">sa 65005188 </subfield>
  </datafield>
  <datafield tag="040" ind1=" " ind2=" ">
    <subfield code="a">DLC</subfield>
    <subfield code="c">DLC</subfield>
    <subfield code="d">DLC</subfield>
  </datafield>
  <datafield tag="050" ind1="0" ind2="0">
    <subfield code="a">PK1704</subfield>
    <subfield code="b">.S35</subfield>
  </datafield>
  <datafield tag="245" ind1="0" ind2="0">
    <subfield code="a">S&#x101;hitya-s&#x101;dhaka-caritam&#x101;l&#x101;.</subfield>
  </datafield>
  <datafield tag="260" ind1=" " ind2=" ">
    <subfield code="a">[Kalik&#x101;t&#x101;] :</subfield>
    <subfield code="b">Ba&#x1E45;g&#x12B;&#x1E8F;a-S&#x101;hitya-Parishat&#x332;,</subfield>
    <subfield code="c">1943-&lt;1977   &gt;</subfield>
  </datafield>
  <datafield tag="300" ind1=" " ind2=" ">
    <subfield code="a">v. &lt;1-9, 12&gt; :</subfield>
    <subfield code="b">ports. ;</subfield>
    <subfield code="c">19 cm.</subfield>
  </datafield>
  <datafield tag="500" ind1=" " ind2=" ">
    <subfield code="a">In Bengali.</subfield>
  </datafield>
  <datafield tag="500" ind1=" " ind2=" ">
    <subfield code="a">Edited by Brajendran&#x101;tha Bandyop&#x101;dhy&#x101;&#x1E8F;a and others.</subfield>
  </datafield>
  <datafield tag="650" ind1=" " ind2="0">
    <subfield code="a">Authors, Bengali</subfield>
    <subfield code="v">Biography.</subfield>
  </datafield>
  <datafield tag="700" ind1="1" ind2=" ">
    <subfield code="a">Banerjee, Brajendra Nath.</subfield>
  </datafield>
  <datafield tag="710" ind1="2" ind2=" ">
    <subfield code="a">Ba&#x1E45;g&#x12B;&#x1E8F;a-S&#x101;hitya-Parishat&#x332; (Kolkata, India)</subfield>
  </datafield>
  <datafield tag="999" ind1=" " ind2=" ">
    <subfield code="c">64173</subfield>
    <subfield code="d">64173</subfield>
  </datafield>
</record>
